000 01170camaa22003492i 4500
001 672783
003 EG-GICUC
005 20260514123257.0
008 950828s1996 enka jrb 001 0 eng
010 _a 95038788
020 _a0201427656
_qalk. paper
020 _a9780201427653
_q(alk. paper)
040 _aDLC
_cDLC
_dDLC
_dEG-GICUC
_beng
_erda
082 0 0 _a005.1
_221
_bSo559
092 0 4 _221
_a005.1
_bSo559
099 _a005.1 So559 1996
100 1 _aSommerville, Ian,
_d1951-
_eAuthor.
245 1 0 _aSoftware engineering /
_cIan Sommerville.
250 _a5th ed.
264 _aWokingham, England ;
_aReading, Mass. :
_bAddison-Wesley Pub. Co.,
_cc1996.
300 _axvi, 742 pages :
_billustration ;
_c25 cm.
336 _atext
_btxt
_2rdacontent
337 _aunmediated
_bn
_2rdamedia
338 _avolume
_bnc
_2rdacarrier
440 0 _aInternational computer science series
504 _aIncludes bibliographical references (p. 715-734) and index.
541 _aوزارة الثقافة ؛
_bالقاهرة ؛
_cإهداء ؛
_d2023.
650 0 _aSoftware engineering.
_2qrmak
651 1 _2qrmak
905 _aSamah
942 _2ddc
_cBK
_e21
_n0
999 _c180153
_d180153